History of the Sikhs: (Record no. 143737)

MARC details
000 -LEADER
fixed length control field 01054nam a22002657a 4500
005 - DATE AND TIME OF LATEST TRANSACTION
control field 20210204131319.0
010 ## - LCCN (DPL NO)
LC control number ENG-120058 B-736833
020 ## - INTERNATIONAL STANDARD BOOK NUMBER
Terms of availability 395.00
International Standard Book Number 9788175360839
020 ## - INTERNATIONAL STANDARD BOOK NUMBER
Terms of availability 395.00
International Standard Book Number 8175360836
020 ## - INTERNATIONAL STANDARD BOOK NUMBER
Terms of availability 250.00
035 ## - SYSTEM CONTROL NUMBER
System control number EN-103590
035 ## - SYSTEM CONTROL NUMBER
System control number B-736833
037 ## - SOURCE OF ACQUISITION
Source of stock number/acquisition DBAD/PUB
037 ## - SOURCE OF ACQUISITION
Source of stock number/acquisition Gift/Eng/03-02-2021
082 ## - DEWEY DECIMAL CLASSIFICATION NUMBER
Classification number 954.07
100 ## - MAIN ENTRY--PERSONAL NAME
Personal name Cunningham,Joseph Davey
245 ## - TITLE STATEMENT
Title History of the Sikhs:
Remainder of title from the origin of the nation to battels of the Sutlej /
Statement of responsibility, etc by Josheph Davey Cunningham ; edited by Herbert Leonard Offley Garrett
260 ## - PUBLICATION, DISTRIBUTION, ETC. (IMPRINT)
Place of publication, distribution, etc Delhi
Name of publisher, distributor, etc Low Price Publications
Date of publication, distribution, etc 2012
270 ## - ADDRESS
Address A-6,Second Floor, Nimri Commercial Center, Ashok Vihar Phase IV
City Delhi
Postal code 110052
300 ## - PHYSICAL DESCRIPTION
Extent xlix, 402p.
Dimensions 22cm(pbk)
500 ## - GENERAL NOTE
General note Includes index
700 ## - ADDED ENTRY--PERSONAL NAME
Personal name Garrett, Herbert Leonard Offley
942 ## - ADDED ENTRY ELEMENTS (KOHA)
Source of classification or shelving scheme Dewey Decimal Classification
Item type English Books
Classification part 954.07
Call number suffix CUN
Holdings
Withdrawn status Lost status Not for loan Collection code Home library Current library Date acquired Source of acquisition Cost, normal purchase price Full call number Barcode Copy number Cost, replacement price Koha item type
    Not For Loan Non-fiction D.B.Act.Division Bawana 24/08/2017 DBAD/PUB 395.00 954.07 CUN EN-103590 1 395.00 English Books
      Non-fiction Central Library Central Library 04/02/2021 Gift/Eng/03-02-2021 250.00 954.07 CUN B-736833 1 250.00 English Books

© Delhi Public Library
Hit Counter
free hit counter